<?xml version="1.0" encoding="UTF-8"?><?xml-stylesheet type="text/xsl" href="static/style.xsl"?><OAI-PMH xmlns="http://www.openarchives.org/OAI/2.0/" xmlns:xsi="http://www.w3.org/2001/XMLSchema-instance" xsi:schemaLocation="http://www.openarchives.org/OAI/2.0/ http://www.openarchives.org/OAI/2.0/OAI-PMH.xsd"><responseDate>2026-04-27T08:07:02Z</responseDate><request verb="GetRecord" identifier="oai:uvadoc.uva.es:10324/73458" metadataPrefix="marc">https://uvadoc.uva.es/oai/request</request><GetRecord><record><header><identifier>oai:uvadoc.uva.es:10324/73458</identifier><datestamp>2025-03-26T19:45:13Z</datestamp><setSpec>com_10324_28447</setSpec><setSpec>com_10324_5186</setSpec><setSpec>com_10324_29291</setSpec><setSpec>col_10324_73448</setSpec></header><metadata><record xmlns="http://www.loc.gov/MARC21/slim" xmlns:doc="http://www.lyncode.com/xoai" xmlns:xsi="http://www.w3.org/2001/XMLSchema-instance" xmlns:dcterms="http://purl.org/dc/terms/" xsi:schemaLocation="http://www.loc.gov/MARC21/slim http://www.loc.gov/standards/marcxml/schema/MARC21slim.xsd">
<leader>00925njm 22002777a 4500</leader>
<datafield tag="042" ind1=" " ind2=" ">
<subfield code="a">dc</subfield>
</datafield>
<datafield tag="720" ind1=" " ind2=" ">
<subfield code="a">Tissens, René</subfield>
<subfield code="e">author</subfield>
</datafield>
<datafield tag="260" ind1=" " ind2=" ">
<subfield code="c">2024</subfield>
</datafield>
<datafield tag="520" ind1=" " ind2=" ">
<subfield code="a">This paper takes provincial newspapers as the basis for a discussion on dialect spread and enregisterment during the nineteenth century. It departs from the premise that, during this era of nationwide diaspora and industrial advancement, periodicals served as the main means of entertainment and identity expression. For this purpose, it takes two letters submitted by R. Giles to the North Devon Journal in 1885, where his use of the Devonshire dialect is available for analysis. It aims to explore the most remarkable dialectal features documented in his submissions in an attempt to justify my claim that provincial press could have contributed to an early process of Enregisterment in dialects.</subfield>
</datafield>
<datafield tag="024" ind2=" " ind1="8">
<subfield code="a">ES Review. Spanish Journal of English Studies; No. 45 (2024) pags. 116-144</subfield>
</datafield>
<datafield tag="024" ind2=" " ind1="8">
<subfield code="a">2531-1654</subfield>
</datafield>
<datafield tag="024" ind2=" " ind1="8">
<subfield code="a">https://uvadoc.uva.es/handle/10324/73458</subfield>
</datafield>
<datafield tag="024" ind2=" " ind1="8">
<subfield code="a">10.24197/ersjes.45.2024.116-144</subfield>
</datafield>
<datafield tag="024" ind2=" " ind1="8">
<subfield code="a">116</subfield>
</datafield>
<datafield tag="024" ind2=" " ind1="8">
<subfield code="a">45</subfield>
</datafield>
<datafield tag="024" ind2=" " ind1="8">
<subfield code="a">144</subfield>
</datafield>
<datafield ind1=" " ind2=" " tag="653">
<subfield code="a">Filología Inglesa</subfield>
</datafield>
<datafield tag="245" ind1="0" ind2="0">
<subfield code="a">Provincial Newspapers as Vehicles for Dialect Spread and Enregisterment: Insights from Nineteenth Century Devonshire Dialect</subfield>
</datafield>
</record></metadata></record></GetRecord></OAI-PMH>